| 000 | 00612nam a2200157Ia 4500 | ||
|---|---|---|---|
| 008 | 100122s9999 xx 000 0 und d | ||
| 082 |
_b23004 _a801.95 |
||
| 100 | _aकुलकर्णी व दि | ||
| 245 | _aसाहित्य रूप आणि गंध (वा.क.क्र.1/2) | ||
| 250 | _a0 | ||
| 260 |
_bमॅजेस्टिक बुक स्टॉल _c1976 |
||
| 300 | _a148 | ||
| 630 | _aसाहित्य रूप आणि गंध (वा.क.क्र.1/2) | ||
| 730 | _aसाहित्य रूप आणि गंध (वा.क.क्र.1/2) | ||
| 942 | _cBOOK | ||
| 999 |
_c410636 _d410633 |
||